मन मंजूषा / (Record no. 114881)

MARC details
000 -LEADER
fixed length control field 00964nam a22002537a 4500
005 - DATE AND TIME OF LATEST TRANSACTION
control field 20170124103015.0
010 ## - LIBRARY OF CONGRESS CONTROL NUMBER
LC control number A-120057
020 ## - INTERNATIONAL STANDARD BOOK NUMBER
Terms of availability 15.00
035 ## - SYSTEM CONTROL NUMBER
System control number A-120057
037 ## - SOURCE OF ACQUISITION
Source of stock number/acquisition Cen Lib/Ret
040 ## - CATALOGING SOURCE
Original cataloging agency DPL
Language of cataloging HN
082 ## - DEWEY DECIMAL CLASSIFICATION NUMBER
Classification number
Item number आशापू
100 ## - MAIN ENTRY--PERSONAL NAME
Personal name आशापूर्णा देवी
9 (RLIN) 59133
245 ## - TITLE STATEMENT
Title मन मंजूषा /
Statement of responsibility, etc आशापूर्णा देवी
246 ## - VARYING FORM OF TITLE
Title proper/short title Man Manjusha /
Remainder of title by Asha Purna Devi
260 ## - PUBLICATION, DISTRIBUTION, ETC. (IMPRINT)
Place of publication, distribution, etc इलाहाबाद
Name of publisher, distributor, etc भारती भंडार
Date of publication, distribution, etc 1982
270 ## - ADDRESS
Address लीडर रोड
City इलाहाबाद
300 ## - PHYSICAL DESCRIPTION
Extent 79पृ.
Dimensions 22सेमी (सजिल्द)
650 ## - SUBJECT ADDED ENTRY--TOPICAL TERM
Topical term or geographic name as entry element हिन्दी साहित्य
9 (RLIN) 59134
650 ## - SUBJECT ADDED ENTRY--TOPICAL TERM
Topical term or geographic name as entry element हिन्दी साहित्य -- उपन्यास
9 (RLIN) 46379
650 ## - SUBJECT ADDED ENTRY--TOPICAL TERM
Topical term or geographic name as entry element Hindi literature
9 (RLIN) 59135
650 ## - SUBJECT ADDED ENTRY--TOPICAL TERM
Topical term or geographic name as entry element Hindi literature -- Fiction
9 (RLIN) 59136
942 ## - ADDED ENTRY ELEMENTS (KOHA)
Source of classification or shelving scheme Dewey Decimal Classification
Koha item type Hindi Books
Classification part
Call number suffix आशापू
Holdings
Withdrawn status Lost status Damaged status Not for loan Home library Current library Date acquired Source of acquisition Cost, normal purchase price Total Checkouts Full call number Barcode Date last seen Copy number Cost, replacement price Price effective from Koha item type Public note
Written off       Central Library Central Library 18/08/2015 Cen Lib/Ret 15.00   उ आशापू A-120057 18/08/2015 1 15.00 18/08/2015 Hindi Books Written off on approval by DLB (By Circulation); dtd 20.12.2022
Written off       Central Library Central Library 19/08/2015 Cen Lib/Ret 15.00   उ आशापू A-120056 19/08/2015 2 15.00 19/08/2015 Hindi Books Written off on approval by DLB (By Circulation); dtd 15-06-2023
Written off       Central Library Central Library 19/08/2015 Cen Lib/Ret 15.00   उ आशापू A-120058 19/08/2015 3 15.00 19/08/2015 Hindi Books Written off on approval by DLB (By Circulation); dtd 20.12.2022

© Delhi Public Library
Hit Counter
free hit counter